Una sesión del Congreso Literario y Artístico : (Record no. 193740)
[ view plain ]
| 000 -LEADER | |
|---|---|
| campo de control de longitud fija | 01319nab a2200289 i 4500 |
| 001 - NÚMERO DE CONTROL | |
| campo de control | 193740 |
| 003 - IDENTIFICADOR DE NÚMERO DE CONTROL | |
| campo de control | ES-MaACL |
| 005 - FECHA Y HORA DE LA ÚLTIMA TRANSACCIÓN | |
| campo de control | 20250806030825.0 |
| 007 - CAMPO FIJO DE DESCRIPCIÓN FÍSICA--INFORMACIÓN GENERAL | |
| campo de control de longitud fija | t| |
| 008 - DATOS DE LONGITUD FIJA--INFORMACIÓN GENERAL | |
| campo de control de longitud fija | 240208s1887 sp ||||1| spa d |
| 040 ## - FUENTE DE CATALOGACIÓN | |
| Centro catalogador/agencia de origen | ES-MaACL |
| Lengua de catalogación | spa |
| Centro/agencia transcriptor | ES-MaACL |
| 245 04 - MENCIÓN DEL TÍTULO | |
| Título | Una sesión del Congreso Literario y Artístico : |
| Resto del título | en el Ateneo |
| 260 ## - PUBLICACIÓN, DISTRIBUCIÓN, ETC. | |
| Lugar de publicación, distribución, etc. | [Madrid : |
| Nombre del editor, distribuidor, etc. | La Ilustración Española y Americana, |
| Fecha de publicación, distribución, etc. | 1887] |
| 300 ## - DESCRIPCIÓN FÍSICA | |
| Extensión | 2 páginas : |
| Otras características físicas | 1 ilustración ; |
| Dimensiones | 30 cm |
| 336 ## - TIPO DE CONTENIDO | |
| Fuente | rdacontent |
| Término de tipo de contenido | texto |
| 337 ## - TIPO DE MEDIO | |
| Fuente | rdamedia |
| Nombre/término del tipo de medio | sin mediación |
| 338 ## - TIPO DE SOPORTE | |
| Fuente | rdacarrier |
| Nombre/término del tipo de soporte | volumen |
| 500 ## - NOTA GENERAL | |
| Nota general | Fotocopia del artículo sobre el X Congreso Literario y Artístico Internacional, celebrado en el Ateneo de Madrid, acompañado de dibujo por Picolo, publicado en la revista "La Ilustración española y americana" el 8 de octubre de 1887, n. 37 |
| 599 ## - NOTA A LAS ILUSTRACIONES | |
| NOTA A LAS ILUSTRACIONES | Una sesión del Congreso Literario y Artístico Internacional en el Salón de Actos del Ateneo / dibujo del natural por Picolo |
| 610 24 - PUNTO DE ACCESO ADICIONAL DE MATERIA--NOMBRE DE ENTIDAD CORPORATIVA | |
| Nombre de entidad corporativa o nombre de jurisdicción como elemento de entrada | Ateneo de Madrid- |
| Subdivisión de forma | Conferencias- |
| Subdivisión cronológica | S.XIX |
| 9 (RLIN) | 1910 |
| 611 24 - PUNTO DE ACCESO ADICIONAL DE MATERIA--NOMBRE DE REUNIÓN/CONGRESO | |
| Nombre de congreso/reunión o jurisdicción como elemento de entrada | Congreso Literario Artístico Internacional |
| Sede del congreso/Lugar de la reunión | (Madrid. |
| Fecha del congreso o de la firma del tratado | 1887) |
| 9 (RLIN) | 494 |
| 700 1# - ENTRADA AGREGADA--NOMBRE PERSONAL | |
| 9 (RLIN) | 91873 |
| Nombre de persona | Picolo, Manuel, |
| Fechas asociadas al nombre | 1851-1913 |
| Término indicativo de función/relación | Ilustrador |
| 852 4# - LOCALIZACIÓN | |
| Ubicación | ES-MaACL |
| Ubicación en estantería | Depósito folletos |
| Número de control de estantería | 2347-F-74 |
| itemnumber | 201275 |
| 942 ## - ELEMENTOS DE ENTRADA SECUNDARIOS (KOHA) | |
| Fuente del sistema de clasificación o colocación | Clasificación decimal universal |
| Tipo de ítem Koha | Artículo de revista |
| Suprimir en OPAC | No |
| Estatus retirado | Estado de pérdida | Fuente del sistema de clasificación o colocación | Estado de daño | No para préstamo | Colección | Biblioteca de origen | Biblioteca actual | Ubicación en estantería | Fecha de adquisición | Total de préstamos | Signatura topográfica completa | Código de barras | Visto por última vez | Tipo de ítem Koha |
|---|---|---|---|---|---|---|---|---|---|---|---|---|---|---|
| Clasificación decimal universal | Fondo Ateneo de Madrid | Biblioteca del Ateneo de Madrid | Biblioteca del Ateneo de Madrid | Depósito folletos | 08/02/2024 | 2347-F-74 | 101206758 | 08/02/2024 | Artículo de revista |
